Returning tides /

A devastating hurricane brings insurance investigator Ashley Walker back to Provincetown, the last place she wants to be. Not only must she deal with the dangerous consequences of the natural disaster, she has to fight her soul-shattering need for the woman she left behind. While Reese Conlon and To...

Full description

Bibliographic Details
Main Author: Radclyffe, 1950- (Author)
Format: Book
Language:English
Published: Valley Falls, NY : Bold Strokes Books, 2009.
Edition:First edition.
Subjects:

MARC

Tag First Indicator Second Indicator Subfields
LEADER 00000cam a2200000 a 4500
001 in00004765607
008 090729s2009 nyu 000 f eng
005 20240118163128.6
035 |a (OCoLC)ocn317453830 
040 |a UKM  |b eng  |c UKM  |d BTCTA  |d ORX  |d BDX  |d OCLCO  |d CDS  |d OCLCQ  |d OCLCO  |d OCLCF  |d OCLCO  |d OCL  |d OCLCO  |d OCLCQ  |d OCLCO  |d IMD  |d INT  |d OCLCQ  |d UKMGB  |d LMJ  |d UNITY  |d OCLCO  |d OCLCL  |d TXA 
015 |a GBA989025  |2 bnb 
016 7 |a 015366608  |2 Uk 
020 |a 9781602821231  |q (pbk.) 
020 |a 1602821232  |q (pbk.) 
035 |a (OCoLC)317453830 
043 |a n-us-ma 
050 4 |a PS3618.A347  |b R48 2009 
082 0 4 |a 813.6  |2 22 
100 0 |a Radclyffe,  |d 1950-  |e author.  |1 https://id.oclc.org/worldcat/entity/E39PBJmDrJXBHWQ37Xvyxyh8md 
245 1 0 |a Returning tides /  |c by Radclyffe. 
250 |a First edition. 
264 1 |a Valley Falls, NY :  |b Bold Strokes Books,  |c 2009. 
300 |a 252 pages ;  |c 22 cm. 
336 |a text  |b txt  |2 rdacontent 
337 |a unmediated  |b n  |2 rdamedia 
338 |a volume  |b nc  |2 rdacarrier 
520 |a A devastating hurricane brings insurance investigator Ashley Walker back to Provincetown, the last place she wants to be. Not only must she deal with the dangerous consequences of the natural disaster, she has to fight her soul-shattering need for the woman she left behind. While Reese Conlon and Tory King deal with the challenges of a community in turmoil, a new threat emerges that proves to be even more deadly than the ravaging storm. A silent killer stalks the night, drawing ever closer to the one woman he believes to be his. Soon, no woman is safe, including Tory--Publisher's description. 
500 |a The Cushing Library/Women & Gender Studies copy was acquired as part of The Arden Eversmeyer Collection.  |5 TXA 
650 0 |a Insurance investigators  |v Fiction. 
650 0 |a Natural disasters  |v Fiction. 
650 0 |a Lesbians  |v Fiction. 
651 0 |a Provincetown (Mass. : Town)  |v Fiction. 
650 6 |a Investigateurs de demande d'assurance  |v Romans, nouvelles, etc. 
650 6 |a Catastrophes naturelles  |v Romans, nouvelles, etc. 
650 6 |a Lesbiennes  |v Romans, nouvelles, etc. 
650 7 |a Insurance investigators.  |2 fast  |0 (OCoLC)fst00974760 
650 7 |a Lesbians.  |2 fast  |0 (OCoLC)fst00996540 
650 7 |a Natural disasters.  |2 fast  |0 (OCoLC)fst01033994 
655 7 |a Lesbian fiction.  |2 lcgft 
655 7 |a Romance fiction.  |2 fast  |0 (OCoLC)fst01921732 
655 7 |a Love stories.  |2 gsafd 
655 7 |a Romance fiction.  |2 lcgft 
938 |a Brodart  |b BROD  |n 09780270  |c $16.95 
938 |a Baker and Taylor  |b BTCP  |n BK0008255743 
029 1 |a AU@  |b 000044888745 
029 1 |a NOK  |b 1602821232 
029 1 |a NZ1  |b 13207188 
029 1 |a UKDEL  |b 120512246 
029 1 |a UKMDD  |b 1602821232 
029 1 |a UKYLI  |b 1602821232 
029 1 |a UNITY  |b 120512246 
029 1 |a UKMGB  |b 015366608 
029 1 |a DKDLA  |b 800010-katalog:99122313320905763 
994 |a Z0  |b TXA 
948 |h HELD BY TXA - 41 OTHER HOLDINGS 
999 f f |s 94493c70-1396-49b8-b33d-1945f14bcd3d  |i 53337048-4b7f-4a8f-8a48-c1643b814b86  |t 0 
952 f f |p noncirc  |a Texas A&M University  |b College Station  |c Cushing Memorial Library & Archives  |d Cushing: Women & Gender Studies (Does not check out)  |t 0  |e PS3618.A347 R48 2009  |h Library of Congress classification  |i unmediated -- volume  |m A1485317793F 
998 f f |a PS3618.A347 R48 2009  |t 0  |l Cushing: Women & Gender Studies (Does not check out)